[PAROLES] - Eternité - JAZZY BAZZ X NEKFEU - Paroles - Statistiques

Statistiques générales
  • Ce quiz a été pris 60 fois
    58 depuis la dernière actualisation
  • Le résultat moyen est 476 sur 621
Statistiques - réponses
Paroles % Correct
à
100%
a
100%
c
100%
C
100%
l
100%
L
100%
le
100%
Le
100%
les
100%
me
100%
N
100%
n
100%
qu
100%
s
100%
t
100%
d
97%
de
97%
J
97%
j
97%
ai
94%
ou
94%
pe
94%
se
94%
sens
94%
la
91%
planètes
91%
qui
91%
trop
91%
des
88%
es
88%
ma
88%
mes
88%
par
88%
part
88%
peur
88%
son
88%
sont
88%
tous
88%
bien
85%
chose
85%
comme
85%
et
85%
permet
85%
que
85%
choses
82%
en
82%
est
82%
planer
82%
pas
79%
Pas
79%
ta
79%
un
79%
alignées
76%
allumés
76%
dans
76%
temps
76%
as
73%
du
73%
dure
73%
Quand
73%
quand
73%
trajectoire
73%
Va
73%
apprend
70%
comètes
70%
comment
70%
Comment
70%
demande
70%
fumée
70%
Mais
70%
juste
67%
mains
67%
pour
67%
sur
67%
tu
67%
ans
64%
attend
64%
grand
64%
moi
64%
plus
64%
ronds
64%
si
64%
y
64%
alors
61%
Alors
61%
apprends
61%
attends
61%
ce
61%
ciel
61%
durée
61%
Face
61%
impression
61%
Laisse
61%
longue
61%
maintenant
61%
Maintenant
61%
même
61%
minutage
61%
moins
61%
nuages
61%
passe
61%
printemps
61%
tes
61%
vingt
61%
absence
58%
Chacune
58%
laisser
58%
lumière
58%
ne
58%
partages
58%
passage
58%
passer
58%
rêves
58%
rien
58%
Satan
58%
suis
58%
trace
58%
vers
58%
yeux
58%
amour
55%
danse
55%
étais
55%
éternité
55%
fais
55%
habituent
55%
Je
55%
nos
55%
on
55%
Pan
55%
pan
55%
Pin
55%
pin
55%
pourquoi
55%
regarder
55%
tendues
55%
tête
55%
vais
55%
vies
55%
arme
52%
ennemi
52%
intérêt
52%
irrécupérables
52%
mène
52%
mort
52%
paradis
52%
parodie
52%
tant
52%
tard
52%
terrestre
52%
toujours
52%
après
48%
battant
48%
braqué
48%
dedans
48%
entends
48%
éternel
48%
Fuis
48%
il
48%
instant
48%
invulnérable
48%
Loin
48%
mal
48%
mets
48%
moments
48%
obscurité
48%
Quel
48%
sommeil
48%
une
48%
vient
48%
aimerais
45%
demain
45%
Dis
45%
être
45%
guider
45%
hématome
45%
intérêts
45%
nan
45%
perdant
45%
soleil
45%
tel
45%
toi
45%
tombe
45%
vacances
45%
arbre
42%
battement
42%
capturer
42%
dernier
42%
déterrer
42%
emparer
42%
fait
42%
garde
42%
gravé
42%
matelas
42%
matons
42%
ouais
42%
pellicule
42%
pom
42%
pon
42%
Sous
42%
véhicule
42%
Affronte
39%
celui
39%
commence
39%
décliner
39%
Deviens
39%
écriture
39%
émerveille
39%
lueur
39%
pourrais
39%
simple
39%
surentraîné
39%
tapant
39%
ténèbres
39%
pimpant
33%
ambitions
30%
presse
30%
Vois
30%
mif
24%
esquivera
21%
Aucun quiz correspondant
Distribution des résultats
% des personnes avec chaque résultat
Percentile par nombre de réponses
Votre historique - résultats
Vous n’avez pas pris ce quiz depuis la dernière actualisation